[Event "Schaffhausen op"]
[Site "Schaffhausen"]
[Date "2024.01.13"]
[Round "3"]
[White "Reinhardt, Bernd"]
[Black "Schmid, Nicolas"]
[Result "1-0"]
[WhiteElo "2099"]
[BlackElo "1818"]
[PlyCount "67"]
[EventDate "2024.01.12"]
[EventType "swiss"]
[EventRounds "5"]
[EventCountry "SUI"]
[SourceTitle "CB04_2024"]
[SourceDate "2023.10.16"]
[SourceVersion "1"]
[SourceVersionDate "2023.10.16"]
[SourceQuality "1"]

1. Nf3 Nf6 2. b3 e6 3. Bb2 c5 4. e3 a6 5. Be2 Nc6 6. 0-0 d5 7. d3 Bd6 8. Nbd2 e5 9. c4 d4 10. Re1 0-0 11. Bf1 Re8 12. e4 Ne7 13. g3 Bd7 14. Bg2 Nc6 15. Nb1 g6 16. Bc1 Bf8 17. Na3 Rb8 18. Bd2 b5 19. Nh4 Nh5 20. Nf5 b4 21. Nc2 Rb6 22. Nh6+ Kg7 23. Rf1 Ne7 24. Ng4 Bxg4 25. Qxg4 f5 26. exf5 Nxf5 27. a3 Nf6 28. Qd1 a5 29. axb4 axb4 30. Re1 h5 31. Ra7+ Kg8 32. Bg5 Qd6 33. Qa1 Nh7 34. Qa4 1-0

[Event "Zuerich op-B 36th"]
[Site "Zuerich"]
[Date "2012.12.29"]
[Round "5"]
[White "Gimmel, Rolf"]
[Black "Schmid, Nicolas"]
[Result "0-1"]
[WhiteElo "1699"]
[BlackElo "1921"]
[PlyCount "96"]
[EventDate "2012.12.26"]
[EventType "swiss"]
[EventRounds "7"]
[EventCountry "SUI"]
[SourceTitle "EXT 2019"]
[Source "ChessBase"]
[SourceDate "2018.10.10"]
[SourceVersion "1"]
[SourceVersionDate "2018.10.10"]
[SourceQuality "1"]

1. d4 d5 2. Nf3 Nf6 3. Bf4 Bf5 4. e3 e6 5. Bd3 Ne4 6. c3 Bd6 7. Bxd6 Qxd6 8. Nh4 Bg6 9. Nxg6 hxg6 10. h3 Nf6 11. Nd2 Nbd7 12. Nf3 c5 13. Qe2 c4 14. Bc2 b5 15. Ng5 Rb8 16. 0-0 Kf8 17. f4 Nh5 18. Qf2 f5 19. Rfc1 Nhf6 20. b4 Ke7 21. Kf1 a5 22. a3 axb4 23. axb4 Ra8 24. Qe1 Qc6 25. Rxa8 Rxa8 26. Ra1 Ne4 27. Bxe4 dxe4 28. h4 Nf6 29. Nh3 Ng4 30. Ke2 Ra6 31. Nf2 Nf6 32. Rxa6 Qxa6 33. Qd2 Qa8 34. Qe1 Nh5 35. Nd1 Qa2+ 36. Qd2 Ng3+ 37. Ke1 Qa8 38. Kf2 Nh5 39. g3 Nf6 40. Kg2 Ng4 41. Nf2 Nf6 42. Nd1 Qa1 43. Nf2 Nd5 44. Nd1 Qxd1 45. Qa2 Nxe3+ 46. Kh2 Ng4+ 47. Kg2 Qf3+ 48. Kg1 Qxg3+ 0-1

[Event "Winterthur op-B 12th"]
[Site "Winterthur"]
[Date "2012.10.13"]
[Round "8"]
[White "Schmid, Nicolas"]
[Black "Joller, Hans"]
[Result "1/2-1/2"]
[WhiteElo "1956"]
[BlackElo "1919"]
[PlyCount "107"]
[EventDate "2012.10.06"]
[EventType "swiss"]
[EventRounds "9"]
[EventCountry "SUI"]
[SourceTitle "EXT 2015"]
[Source "ChessBase"]
[SourceDate "2014.11.20"]
[SourceVersion "1"]
[SourceVersionDate "2014.11.20"]
[SourceQuality "1"]

1. e4 e5 2. Nf3 d5 3. exd5 Bd6 4. Nc3 Nf6 5. Bb5+ c6 6. dxc6 bxc6 7. Bc4 e4 8. Ng5 0-0 9. d3 Bg4 10. Qd2 exd3 11. h3 Bh5 12. cxd3 Re8+ 13. Kf1 Bb4 14. g4 Bg6 15. a3 Bc5 16. b4 Bd4 17. Bb2 Nbd7 18. Nf3 Ne5 19. Nxe5 Rxe5 20. Kg2 Qd7 21. Rae1 Rae8 22. Rxe5 Rxe5 23. Re1 Nxg4 24. Rxe5 Nxe5 25. Qf4 h6 26. f3 Nxc4 27. dxc4 Bf6 28. Na4 Bg5 29. Qd4 Qxd4 30. Bxd4 Bc1 31. Bxa7 Bxa3 32. b5 Bc2 33. Nc3 cxb5 34. cxb5 Bd3 35. Bd4 Bb2 36. b6 Ba6 37. Kg3 f6 38. Kf4 Kf7 39. h4 g6 40. Ke3 Bc1+ 41. Kf2 Bb2 42. Ke3 f5 43. Na4 f4+ 44. Ke4 Bb7+ 45. Ke5 Bxd4+ 46. Kxd4 Bxf3 47. Ke5 g5 48. hxg5 hxg5 49. Kf5 Bc6 50. Nc3 f3 51. Nd1 Ke7 52. Kxg5 Kd6 53. Kf4 Kc5 54. Ke3 1/2-1/2